000 00735nam a22002297a 4500
005 20240530110615.0
008 161112s2015 ua a g 000 0 ara d
017 _a2014/35590
_bمصر. دار الكتب
040 _aEG-CaGPL
_cEG-CaGPL
082 0 4 _221
_a302.235\
_bح ص
100 0 _aحسنين شفيق
245 1 0 _aصحافة و اعلام الهاتف المحمول /
_cتاليف حسنين شفيق .
250 _aط.1
260 _c2015 .
300 _a323 ص ؛
_c24 سم .
504 _aيشتمل على ارجاعات ببليوجرافية
650 0 7 _2qrmak
_aالصحافة
650 0 7 _2qrmak
_aالاعلام
651 _2qrmak
942 _2ddc
_cBK
999 _c62950
_d62950